00695nam a22002177a 45000010005000000030010000050050017000150080041000320200018000730400047000910410008001380820019001461000062001652450058002272640052002853000012003373360027003493370033003763380028004096530040004373584CO-MdFUSB20180622073138.0180306t1984 sp ||||| |||| 00| 0 spa d a84-7228-866-8 aCO-MdFUSBbspacCO-MdFUSBdCO-MdFUSBCerda0 aspa04aG 227.1 P5114e1 aPettingill, William L. (William Leroy) (1866-1950)eautor 0aEstudios Sencillos sobre Romanos c/ W. L. Pettingill 4aTerrassa, Barcelona, España : bCLIE,c©1984 a184 Pag 2rdacontentatextobtxt 2rdamediaasin mediaciónbn 2rdacarrieravolumenbnc aBiblia N.T. - Romanos - Comentarios